Webster´s third new international dictionary (Registro nro. 13280)

Detalles MARC
000 -Cabecera
Campo de control de longitud fija 00468nam a22001937a 4500
005 - Fecha y hora de la última transacción
Campo de control 20250219121209.0
008 - Elementos de longitud fija--Información general
Campo de control de longitud fija 220324b1986 xxu||||| |||| 00| 0 spa d
020 ## - International Standard Book Number
Número Internacional Estándar del Libro (ISBN) 0877792011
041 ## - Idioma
Código de idioma Inglés
082 ## - Clasificación Decimal Dewey
Número de clasificación R 423 W382w
245 ## - Título propiamente dicho
Título Webster´s third new international dictionary
260 ## - Pie de imprenta
Lugar de publicación, distribución, etc. Estados Unidos
260 ## - Pie de imprenta
Nombre del editor, distribuidor, etc. Merriam - Webster
260 ## - Pie de imprenta
Fecha de publicación, distribución, etc. 1986
300 ## - Descripción física
Extensión 2662 páginas
650 ## - Materia general
Temática (materia general) DICCIONARIOS
650 ## - Materia general
Temática (materia general) INGLÉS
942 ## - Punto de acceso adicional KOHA
Tipo de ítem KOHA Referencia
Fuente del sistema de clasificación o colocación Dewey Decimal Classification
Existencias
Signatura completa Código de barras Tipo de ítem
R 423 W382w 5195 Referencia